000 004150000a22001210004500
090 _aAS
_bSeriadas
245 1 0 _aNueva especie de Trixis (<Asteraceae>) de Colombia
041 0 _aEspañol
700 1 _aVélez Nauer, Cristina
_999111
100 1 _aDíaz Piedrahita, Santiago
_995842
942 _cARTICULO
773 1 _tRevista de la Academia Colombiana de Ciencias Exactas, Fisicas y Naturales
_332
_h69
_q149-151
_d1991
_g18
999 _c14105
_d14105